000 00337nam a22001097a 4500
999 _c516215
_d516215
082 _aTNC O91X54 Si64
100 _aSingh, Pramod (ed.)
_922666
245 _aUrban environmental conservation
_cedited by Pramod Singh
260 _aNew Delhi
_bAshish
_c1990
300 _a382p.
650 _aUrbanization - Environmental aspects - India
_923849